[Event "Kouty nad Desnou op-F"]
[Site "Kouty nad Desnou"]
[Date "2013.03.15"]
[Round "8"]
[White "Balin, Kamil"]
[Black "Hrdina, Robin"]
[Result "1/2-1/2"]
[WhiteElo "2054"]
[BlackElo "1983"]
[PlyCount "26"]
[EventDate "2013.03.09"]
[EventType "swiss"]
[EventRounds "9"]
[EventCountry "CZE"]
[SourceTitle "EXT 2015"]
[Source "ChessBase"]
[SourceDate "2014.11.20"]
[SourceVersion "1"]
[SourceVersionDate "2014.11.20"]
[SourceQuality "1"]

1. d4 Nf6 2. c4 e6 3. Nc3 Bb4 4. Bg5 h6 5. Bh4 c5 6. d5 d6 7. e3 Bxc3+ 8. bxc3 e5 9. f3 Nbd7 10. Bd3 Qa5 11. Ne2 0-0 12. 0-0 Re8 13. Qc2 b5 1/2-1/2

[Event "CZE-chT2B 1011"]
[Site "Czech Republic"]
[Date "2011.02.20"]
[Round "8.5"]
[White "Balin, Kamil"]
[Black "Wasserbauer, Radek"]
[Result "1/2-1/2"]
[WhiteElo "2061"]
[BlackElo "2060"]
[PlyCount "34"]
[EventDate "2010.10.17"]
[EventType "team-tourn"]
[EventRounds "11"]
[EventCountry "CZE"]
[SourceTitle "EXT 2012"]
[Source "ChessBase"]
[SourceDate "2011.11.24"]
[SourceVersion "1"]
[SourceVersionDate "2011.11.24"]
[SourceQuality "1"]
[WhiteTeam "Podborany"]
[BlackTeam "Kladno"]
[WhiteTeamCountry "CZE"]
[BlackTeamCountry "CZE"]

1. d4 Nf6 2. c4 g6 3. Nc3 d5 4. cxd5 Nxd5 5. e4 Nxc3 6. bxc3 Bg7 7. Bc4 c5 8. Ne2 Nc6 9. Be3 cxd4 10. cxd4 Qa5+ 11. Qd2 0-0 12. Rd1 Rd8 13. 0-0 Qxd2 14. Rxd2 Na5 15. Bd3 b6 16. Rc1 Bb7 17. Rdc2 Rac8 1/2-1/2

[Event "CZE-chT2B 1011"]
[Site "Czech Republic"]
[Date "2011.01.09"]
[Round "5.4"]
[White "Balin, Kamil"]
[Black "Klement, Lukas"]
[Result "1/2-1/2"]
[WhiteElo "2061"]
[BlackElo "2205"]
[PlyCount "125"]
[EventDate "2010.10.17"]
[EventType "team-tourn"]
[EventRounds "11"]
[EventCountry "CZE"]
[SourceTitle "EXT 2012"]
[Source "ChessBase"]
[SourceDate "2011.11.24"]
[SourceVersion "1"]
[SourceVersionDate "2011.11.24"]
[SourceQuality "1"]
[WhiteTeam "Podborany"]
[BlackTeam "Teplice"]
[WhiteTeamCountry "CZE"]
[BlackTeamCountry "CZE"]

1. d4 d6 2. c4 e5 3. Nc3 exd4 4. Qxd4 Nc6 5. Qd2 g6 6. b3 Bg7 7. Bb2 Nf6 8. Nf3 0-0 9. g3 Bf5 10. Bg2 Re8 11. 0-0 Ne4 12. Nxe4 Bxe4 13. Bxg7 Kxg7 14. Rad1 Qf6 15. Rfe1 a5 16. a3 Ra6 17. Nh4 Bxg2 18. Kxg2 Rb6 19. Rb1 Qd4 20. Qc2 Qe4+ 21. Qxe4 Rxe4 22. e3 f5 23. Nf3 Kf6 24. Red1 g5 25. Nd2 Re7 26. Rbc1 Ne5 27. Rc3 h5 28. h3 g4 29. h4 Nd7 30. Rb1 Nc5 31. Kf1 Rc6 32. Rc2 Ne4 33. Ke2 d5 34. Nxe4+ Rxe4 35. Kd3 dxc4+ 36. bxc4 b6 37. Rb5 Re5 38. a4 Rxb5 39. axb5 Rd6+ 40. Ke2 c5 41. Ra2 Ke5 42. Ra1 Ke4 43. Ra3 Rd7 44. Rc3 a4 45. Ra3 Ra7 46. Kf1 Kf3 47. Ke1 Rd7 48. Rxa4 Rd3 49. Ra6 Rc3 50. Rxb6 Rc1+ 51. Kd2 Rxc4 52. Rf6 Kxf2 53. Rxf5+ Kxg3 54. Rxh5 Kh3 55. b6 Rb4 56. Rxc5 Rxb6 57. h5 g3 58. e4 g2 59. Rg5 Rb2+ 60. Ke3 Rb5 61. Rg8 Rb3+ 62. Kf2 Rb2+ 63. Kf3 1/2-1/2

[Event "Teplice op 4th"]
[Site "Teplice"]
[Date "2009.06.21"]
[Round "9"]
[White "Balin, Kamil"]
[Black "Horak, Jiri"]
[Result "0-1"]
[WhiteElo "2063"]
[BlackElo "2261"]
[PlyCount "82"]
[EventDate "2009.06.13"]
[EventType "swiss"]
[EventRounds "9"]
[EventCountry "CZE"]
[SourceTitle "CBM 130 Extra"]
[Source "ChessBase"]
[SourceDate "2009.07.02"]
[SourceVersion "2"]
[SourceVersionDate "2009.07.15"]
[SourceQuality "1"]

1. d4 d5 2. c4 e6 3. Nc3 Nf6 4. Bg5 Nbd7 5. e3 c6 6. Nf3 Qa5 7. Nd2 dxc4 8. Bxf6 Nxf6 9. Nxc4 Qd8 10. Be2 Nd5 11. 0-0 Be7 12. Rc1 Nxc3 13. bxc3 0-0 14. Ne5 c5 15. Qb3 Qc7 16. Rb1 b6 17. Bc4 Bb7 18. Bxe6 fxe6 19. Qxe6+ Kh8 20. Nf7+ Rxf7 21. Qxf7 Rf8 22. Qh5 Qc6 23. d5 Qxd5 24. Qxd5 Bxd5 25. Rfd1 Bc6 26. c4 Kg8 27. f3 Rb8 28. Rd3 Rb7 29. Kf2 Bd7 30. g4 Be6 31. Rc3 Kf7 32. Kg3 Bf6 33. Rc2 a6 34. h4 Be7 35. Rcb2 Bxc4 36. Rxb6 Rd7 37. a4 Rd3 38. Rc1 Bd5 39. Kf4 Bd8 40. Rxa6 Bc7+ 41. Kg5 Bb7 0-1

[Event "Teplice op 4th"]
[Site "Teplice"]
[Date "2009.06.20"]
[Round "8"]
[White "Valenta, Petr"]
[Black "Balin, Kamil"]
[Result "0-1"]
[WhiteElo "1941"]
[BlackElo "2063"]
[PlyCount "60"]
[EventDate "2009.06.13"]
[EventType "swiss"]
[EventRounds "9"]
[EventCountry "CZE"]
[SourceTitle "CBM 130 Extra"]
[Source "ChessBase"]
[SourceDate "2009.07.02"]
[SourceVersion "2"]
[SourceVersionDate "2009.07.15"]
[SourceQuality "1"]

1. c4 Nf6 2. e3 e6 3. Nf3 d5 4. b3 c5 5. Bb2 Nc6 6. d4 cxd4 7. cxd5 exd5 8. Nxd4 Be7 9. Bd3 0-0 10. Nd2 Re8 11. h3 Be6 12. Rc1 Nb4 13. Bb1 Rc8 14. 0-0 Qb6 15. Qf3 Nc6 16. Nf5 Bxf5 17. Qxf5 g6 18. Qf4 Qb4 19. e4 Nh5 20. Qe3 d4 21. Qe1 Bf6 22. f4 d3 23. Bxf6 Nxf6 24. Rc4 Qa5 25. Bxd3 Rcd8 26. Rf3 Qxa2 27. Rc2 Qa5 28. Rb2 Qc3 29. Qb1 Nb4 30. Bb5 Qc5+ 0-1

[Event "Schneider Bohemia op-A"]
[Site "Plzen"]
[Date "2000.??.??"]
[Round "?"]
[White "Krupkova, Petra"]
[Black "Balin, Kamil"]
[Result "1/2-1/2"]
[WhiteElo "2315"]
[BlackElo "2065"]
[PlyCount "104"]
[EventDate "2000.??.??"]
[EventType "swiss"]
[EventRounds "9"]
[EventCountry "CZE"]
[SourceTitle "EXT 2003"]
[Source "ChessBase"]
[SourceDate "2002.11.25"]
[SourceVersion "1"]
[SourceVersionDate "2002.11.25"]
[SourceQuality "1"]

1. e4 e5 2. Nf3 Nf6 3. Nc3 Bb4 4. Nxe5 0-0 5. Be2 Re8 6. Nd3 Bxc3 7. dxc3 Nxe4 8. 0-0 d5 9. Nf4 c6 10. Be3 Nd6 11. Re1 Nd7 12. Bf1 Ne5 13. b3 Bg4 14. f3 Bf5 15. Bd4 f6 16. a4 g5 17. Nd3 Ndf7 18. Qd2 Bxd3 19. cxd3 Qd6 20. f4 gxf4 21. Qxf4 c5 22. Bf2 Ng5 23. Kh1 b6 24. Bg3 Qf8 25. Qf5 Qg7 26. d4 Qg6 27. Qf4 Nef7 28. dxc5 bxc5 29. Bb5 Rxe1+ 30. Rxe1 Ne4 31. Bc6 Nxg3+ 32. hxg3 Rd8 33. Qc7 Qh6+ 34. Kg1 Qd2 35. Re7 Qc1+ 36. Kf2 Qd2+ 37. Kg1 Qc1+ 38. Kf2 Qd2+ 39. Kg1 Qc1+ 40. Kf2 Qd2+ 41. Re2 Qd3 42. Bd7 Rf8 43. Qxc5 Kg7 44. Qd4 Qb1 45. Qxd5 Ne5 46. g4 Qh1 47. Bf5 Qh4+ 48. Kg1 Rf7 49. Qe4 Qg5 50. c4 h5 51. gxh5 Qxh5 52. Re1 Re7 1/2-1/2

[Event "Schneider Bohemia op-A"]
[Site "Plzen"]
[Date "2000.??.??"]
[Round "?"]
[White "Michalek, Jan"]
[Black "Balin, Kamil"]
[Result "1-0"]
[WhiteElo "2320"]
[BlackElo "2065"]
[PlyCount "47"]
[EventDate "2000.??.??"]
[EventType "swiss"]
[EventRounds "9"]
[EventCountry "CZE"]
[SourceTitle "EXT 2003"]
[Source "ChessBase"]
[SourceDate "2002.11.25"]
[SourceVersion "1"]
[SourceVersionDate "2002.11.25"]
[SourceQuality "1"]

1. e4 d5 2. exd5 Nf6 3. Bb5+ Bd7 4. Be2 Nxd5 5. d4 g6 6. c4 Nb6 7. Nc3 Bg7 8. h3 Bf5 9. Be3 0-0 10. Nf3 Nc6 11. Qd2 e5 12. d5 Na5 13. b3 c6 14. g4 Bc8 15. Rd1 cxd5 16. cxd5 Bd7 17. Ne4 f5 18. gxf5 gxf5 19. Rg1 fxe4 20. Bh6 exf3 21. Bxg7 Kf7 22. Bxf3 Qh4 23. Rg5 Qf4 24. Bh5+ 1-0